Bảo vệ chủ quyền biển đảo Việt Nam
محفوظ في:
| المؤلف الرئيسي: | |
|---|---|
| التنسيق: | كتاب |
| اللغة: | Undetermined |
| منشور في: |
Hà nội
Thời Đại
2011
|
| الموضوعات: | |
| الوسوم: |
إضافة وسم
لا توجد وسوم, كن أول من يضع وسما على هذه التسجيلة!
|
| Thư viện lưu trữ: | Trung tâm Học liệu Trường Đại học Cần Thơ |
|---|
| LEADER | 00638nam a2200193Ia 4500 | ||
|---|---|---|---|
| 001 | CTU_167843 | ||
| 008 | 210402s9999 xx 000 0 und d | ||
| 020 | |c 320000 | ||
| 082 | |a 363.28 | ||
| 082 | |b A107 | ||
| 100 | |a Nguyễn, Thái Anh | ||
| 245 | 0 | |a Bảo vệ chủ quyền biển đảo Việt Nam | |
| 245 | 0 | |c Nguyễn Thái Anh (chủ biên); Nguyễn Đức, Đàm Xuân | |
| 260 | |a Hà nội | ||
| 260 | |b Thời Đại | ||
| 260 | |c 2011 | ||
| 650 | |a Police services,Bảo vệ chủ quyền biển đảo | ||
| 904 | |i Nguyên | ||
| 980 | |a Trung tâm Học liệu Trường Đại học Cần Thơ | ||